|
|
|
|
| LEADER |
00000cas a2200000 a 4500 |
| 001 |
vtls001321394 |
| 003 |
SK-MaSNL |
| 005 |
20260228155708.0 |
| 008 |
180126d19421942xo ar 5 0 0b0slo |
| 035 |
|
|
|a SNK000274052
|
| 040 |
|
|
|a SNK
|b slo
|c SNK
|e AACR2
|
| 041 |
0 |
|
|a slo
|
| 044 |
|
|
|a xo
|c SK
|
| 072 |
|
7 |
|a 050
|x Seriálové publikácie. Periodiká
|2 konspekt
|
| 080 |
|
|
|a 050
|2 2011
|
| 080 |
|
|
|a (059)
|2 2011
|
| 245 |
0 |
0 |
|a Veselý kalendár na rok ...
|
| 260 |
|
|
|a Žilina
|b J. Lacina
|c 1942
|
| 300 |
|
|
|a zv.
|
| 310 |
|
|
|a 1x ročne
|
| 362 |
0 |
|
|a R. 1943
|z Bg. slovenských a inorečových kalendárov, č.z. 347/a ; SKP
|
| 500 |
|
|
|a Súčasťou názvu je označenie roka
|
| 655 |
|
7 |
|a textové kalendáre
|2 SNKPH
|9 60816
|
| 910 |
|
|
|a snk
|
| 999 |
|
|
|c 235
|d 235
|
| 952 |
|
|
|0 0
|1 0
|4 0
|7 0
|8 3
|a SNK
|b SNK
|d 1998-02-18
|i snkK 508/98
|l 0
|o snkČSC 3256/1943
|p 17A0122918
|r 2005-01-02 00:00:00
|w 2026-02-21
|y PREZ
|
| 952 |
|
|
|0 0
|1 0
|4 0
|7 0
|8 3
|a SNK
|b SNK
|d 1999-12-21
|g 8.30
|i snkK 1172/99
|l 0
|o snkČSC 3256/1943 D1
|p 17A0222048
|r 2005-01-02 00:00:00
|w 2026-02-21
|y PREZ
|